000 00410nam a2200157 i 4500
001 bg
100 1 _aRADZIKOWSKI, Władysław.
245 0 _aKomputerowe systemy wspomagania decyzji /
_cW. Radzikowski.
260 _aWarszawa,
_c1990.
490 1 _aInformatyka w Praktyce
830 0 _aInformatyka w Praktyce
040 _cBPK
041 _apol
942 _cKS
008 s pl f |000 0 pol
999 _c29159
_d29159
856 _uhttp://koha.tu.koszalin.pl/cgi-bin/koha/opac-detail.pl?biblionumber=29159
_yKatalog online BPK